[Event "BL 1920 SV Hockenheim - SV Mülheim Nor"]
[Site "?"]
[Date "2020.02.08"]
[Round "5.6"]
[White "Inarkiev, Ernesto"]
[Black "Saltaev, Mihail"]
[Result "1-0"]
[WhiteElo "2658"]
[BlackElo "2475"]
[PlyCount "91"]
[EventDate "2020.??.??"]

1. d4 d5 2. c4 e6 3. Nc3 Nf6 4. cxd5 exd5 5. Bg5 Be7 6. e3 c6 7. Bd3 Nbd7 8.
Nge2 O-O 9. Qc2 h6 10. Bh4 Re8 11. O-O-O b5 12. f3 Nb6 13. Bf2 a5 14. e4 b4 15.
Nb1 dxe4 16. fxe4 Ng4 17. Bg1 Bg5+ 18. Nd2 Ne3 19. Bxe3 Bxe3 20. Kb1 Be6 21.
Nf3 Qd6 22. Nc1 a4 23. Qe2 Bf4 24. e5 Qd7 25. Qe4 Nd5 26. Ne2 Be3 27. Qh7+ Kf8
28. Rhf1 Nc3+ 29. bxc3 bxc3 30. Ka1 Qd5 31. Nxc3 Bxd4 32. Nxd4 Qxd4 33. Rc1
Qxe5 34. Rfe1 Qf6 35. Bc4 Rad8 36. Bxe6 Rxe6 37. Rxe6 fxe6 38. Qe4 a3 39. Qb4+
Qe7 40. Rf1+ Ke8 41. Qe4 Kd7 42. Rd1+ Kc7 43. Qe5+ Kc8 44. Rb1 Qd6 45. Qa5 Qd2
46. Qa6+ 1-0

[Event "BL 1920 SV Hockenheim - SV Mülheim Nor"]
[Site "?"]
[Date "2020.02.08"]
[Round "5.8"]
[White "Wagner, Dennis"]
[Black "Baltic, Fatih"]
[Result "1-0"]
[WhiteElo "2590"]
[BlackElo "2215"]
[PlyCount "63"]
[EventDate "2020.??.??"]

1. c4 e5 2. Nc3 Bb4 3. Nd5 Bc5 4. e3 Nf6 5. b4 Nxd5 6. bxc5 Nf6 7. Nf3 Qe7 8.
Be2 b6 9. Bb2 d6 10. cxd6 cxd6 11. d3 O-O 12. O-O Nbd7 13. Nd2 Bb7 14. e4 Nc5
15. f4 Ba6 16. a4 Rac8 17. f5 d5 18. exd5 e4 19. d4 e3 20. Nf3 Nce4 21. Ba3 Qb7
22. Rc1 Rfe8 23. Ne5 Nd7 24. Nc6 Rxc6 25. dxc6 Qxc6 26. Bf3 Qh6 27. Bxe4 Rxe4
28. Qf3 Bb7 29. Rfe1 Nf6 30. Rc3 Ng4 31. Qg3 Re8 32. Qxg4 1-0

[Event "BL 1920 SC Viernheim - BCA Augsburg"]
[Site "?"]
[Date "2020.02.09"]
[Round "6.1"]
[White "Papp, Gabor"]
[Black "Malakhov, Vladimir"]
[Result "1/2-1/2"]
[WhiteElo "2593"]
[BlackElo "2667"]
[PlyCount "93"]
[EventDate "2020.??.??"]

1. e4 e5 2. Nf3 Nc6 3. Bb5 Nf6 4. O-O Nxe4 5. Re1 Nd6 6. Nxe5 Be7 7. Bf1 Nxe5
8. Rxe5 O-O 9. d4 Bf6 10. Re1 Nf5 11. d5 Re8 12. Rxe8+ Qxe8 13. Qd3 d6 14. Nd2
c6 15. c3 cxd5 16. Qxd5 Qc6 17. Qd3 d5 18. Nf3 h6 19. Bf4 Be6 20. Re1 Qc4 21.
Be5 Bxe5 22. Rxe5 Qxd3 23. Bxd3 Ne7 24. Re1 Nc6 25. Nd4 Nxd4 26. cxd4 Kf8 27.
f4 Re8 28. Kf2 Bd7 29. Re5 Bc6 30. g4 f6 31. Rh5 Rd8 32. g5 fxg5 33. fxg5 Rd6
34. gxh6 Rxh6 35. Rf5+ Ke7 36. Re5+ Kd6 37. Kg3 Re6 38. Rxe6+ Kxe6 39. Bh7 Kf6
40. Bg8 Kf5 41. Kf3 g5 42. b4 b6 43. a3 a5 44. Bh7+ Kf6 45. Bg8 Kf5 46. Bh7+
Kf6 47. Bg8 1/2-1/2

[Event "BL 1920 SC Viernheim - BCA Augsburg"]
[Site "?"]
[Date "2020.02.09"]
[Round "6.2"]
[White "Kryvoruchko, Yuriy"]
[Black "Prusikin, Michael"]
[Result "1/2-1/2"]
[WhiteElo "2685"]
[BlackElo "2534"]
[PlyCount "69"]
[EventDate "2020.??.??"]

1. e4 e5 2. Nf3 Nc6 3. Bb5 a6 4. Ba4 Nf6 5. O-O b5 6. Bb3 Bc5 7. c3 d6 8. a4
Rb8 9. d4 Bb6 10. Na3 O-O 11. Qd3 Bg4 12. axb5 axb5 13. d5 Ne7 14. Nxb5 Nd7 15.
Bd1 f5 16. exf5 Nc5 17. Qc4 Bxf5 18. Be2 Be4 19. Bg5 h6 20. b4 Bxf3 21. Bxf3
hxg5 22. bxc5 Bxc5 23. Bg4 Nf5 24. Na7 Rb2 25. Nc6 Qe8 26. Kh1 Rxf2 27. Rxf2
Bxf2 28. Qe4 g6 29. Rf1 Ne3 30. Bd7 Qxd7 31. Qxg6+ Kh8 32. Qh6+ Kg8 33. Qg6+
Kh8 34. Qh6+ Kg8 35. Qg6+ 1/2-1/2

[Event "BL 1920 SC Viernheim - BCA Augsburg"]
[Site "?"]
[Date "2020.02.09"]
[Round "6.3"]
[White "Rozentalis, Eduardas"]
[Black "Kovalenko, Igor"]
[Result "1/2-1/2"]
[WhiteElo "2534"]
[BlackElo "2641"]
[PlyCount "71"]
[EventDate "2020.??.??"]

1. e4 c5 2. Nf3 Nc6 3. Bb5 g6 4. O-O Bg7 5. Re1 e5 6. Bxc6 dxc6 7. d3 Qe7 8. a3
Nf6 9. b4 O-O 10. bxc5 Bg4 11. a4 Bxf3 12. Qxf3 Qxc5 13. Ba3 Qa5 14. Qe2 Rfe8
15. Nd2 Qc7 16. Rab1 b6 17. Nc4 Nh5 18. g3 Re6 19. Rb3 Bf8 20. Reb1 Rd8 21. Ne3
Bxa3 22. Rxa3 Qe7 23. Raa1 Qg5 24. Qf3 Red6 25. Qg4 Qf6 26. Rf1 Kh8 27. Kh1 Rd4
28. f4 exf4 29. gxf4 Ng7 30. f5 gxf5 31. Nxf5 Nxf5 32. Qxf5 Qxf5 33. Rxf5 R8d7
34. a5 c5 35. axb6 axb6 36. Ra8+ 1/2-1/2

[Event "BL 1920 SC Viernheim - BCA Augsburg"]
[Site "?"]
[Date "2020.02.09"]
[Round "6.4"]
[White "Fedorchuk, Sergey A"]
[Black "Arnaudov, G. Petar"]
[Result "1/2-1/2"]
[WhiteElo "2622"]
[BlackElo "2473"]
[PlyCount "84"]
[EventDate "2020.??.??"]

1. e4 e5 2. Nf3 Nc6 3. Bb5 a6 4. Ba4 Nf6 5. O-O Nxe4 6. d4 Be7 7. Re1 b5 8.
Rxe4 d5 9. Nxe5 Nxe5 10. Rxe5 bxa4 11. b3 O-O 12. Ba3 Bxa3 13. Nxa3 Qd6 14. Nb1
Bb7 15. Nc3 axb3 16. axb3 c5 17. Na4 cxd4 18. Qxd4 Rac8 19. c3 Rc7 20. h3 h6
21. Rae1 a5 22. R1e3 Rcc8 23. Nb6 Rcd8 24. Re7 Bc6 25. Rg3 g6 26. Rge3 Qb8 27.
f4 Rde8 28. f5 Rxe7 29. Rxe7 gxf5 30. Nxd5 Bxd5 31. Qxd5 Qb6+ 32. Kh1 Qd8 33.
Rd7 Qg5 34. Qe5 Qc1+ 35. Kh2 f4 36. Rd6 Qe3 37. Qxe3 fxe3 38. Kg3 Re8 39. Rd1
e2 40. Re1 Re3+ 41. Kf2 Rxc3 42. Ra1 Rxb3 1/2-1/2

[Event "BL 1920 SC Viernheim - BCA Augsburg"]
[Site "?"]
[Date "2020.02.09"]
[Round "6.5"]
[White "Schmittdiel, Eckhard"]
[Black "Maze, Sebastien"]
[Result "0-1"]
[WhiteElo "2399"]
[BlackElo "2550"]
[PlyCount "82"]
[EventDate "2020.??.??"]

1. Nf3 Nf6 2. g3 g6 3. b3 Bg7 4. Bb2 d6 5. Bg2 e5 6. O-O O-O 7. c4 c5 8. Nc3
Nc6 9. Ne1 Rb8 10. Nc2 Bd7 11. Ne3 a6 12. Ned5 Ne8 13. a4 f5 14. f4 exf4 15.
gxf4 Nf6 16. Rb1 Ne7 17. Qc2 Bc6 18. Nxf6+ Bxf6 19. Nd5 Nxd5 20. cxd5 Bd7 21.
d3 b5 22. axb5 Rxb5 23. e4 Bxb2 24. Rxb2 Rb4 25. e5 Bb5 26. Qc3 Rd4 27. Rd2 Re8
28. Rff2 Qb6 29. exd6 Qxd6 30. Rd1 Rxf4 31. Rxf4 Qxf4 32. Qxc5 Re2 33. Rf1 Qg5
34. Rf2 Re1+ 35. Rf1 Rxf1+ 36. Kxf1 Bxd3+ 37. Kf2 Qd2+ 38. Kg3 f4+ 39. Kf3 Qe2+
40. Kxf4 g5+ 41. Kxg5 Qxg2+ 0-1

[Event "BL 1920 SC Viernheim - BCA Augsburg"]
[Site "?"]
[Date "2020.02.09"]
[Round "6.6"]
[White "Libiszewski, Fabien"]
[Black "Pitl, Gregory"]
[Result "1-0"]
[WhiteElo "2522"]
[BlackElo "2376"]
[PlyCount "65"]
[EventDate "2020.??.??"]

1. e4 c5 2. Nf3 Nc6 3. Bb5 g6 4. O-O Bg7 5. Re1 e5 6. Bxc6 dxc6 7. d3 b6 8. a3
a5 9. Be3 Qc7 10. Nbd2 Nf6 11. b4 cxb4 12. Nc4 Nd7 13. axb4 a4 14. d4 O-O 15.
Nfxe5 Nxe5 16. Nxe5 c5 17. c3 cxb4 18. cxb4 Bb7 19. f3 b5 20. Qe2 Bxe5 21. dxe5
Qxe5 22. Bc5 Bc6 23. Bxf8 Qd4+ 24. Qe3 Qxe3+ 25. Rxe3 Kxf8 26. Rd3 Ke8 27. Rad1
Ra7 28. Kf2 Bd7 29. Rd5 Rb7 30. Re5+ Kf8 31. Ke3 Be6 32. Rd8+ Ke7 33. Rdd5 1-0

[Event "BL 1920 SC Viernheim - BCA Augsburg"]
[Site "?"]
[Date "2020.02.09"]
[Round "6.8"]
[White "Muetsch, Annmarie"]
[Black "Rupprecht, Andreas"]
[Result "1/2-1/2"]
[WhiteElo "2236"]
[BlackElo "2386"]
[PlyCount "41"]
[EventDate "2020.??.??"]

1. e4 d5 2. exd5 Qxd5 3. Nc3 Qd8 4. Bc4 a6 5. a4 c5 6. Nf3 Nc6 7. d3 Nf6 8. h3
e6 9. O-O Be7 10. Bf4 b6 11. Qe2 O-O 12. Ne4 Nd5 13. Bh2 Kh8 14. c3 f5 15. Ned2
Rf6 16. Ne5 Nxe5 17. Bxe5 Rg6 18. Bxd5 Qxd5 19. Qf3 Qxf3 20. Nxf3 Bb7 21. Kh2
1/2-1/2

[Event "BL 1920 Aachener SV - FC Bayern Münche"]
[Site "?"]
[Date "2020.02.09"]
[Round "6.1"]
[White "Bogner, Sebastian"]
[Black "Seel, Christian"]
[Result "1-0"]
[WhiteElo "2568"]
[BlackElo "2478"]
[PlyCount "113"]
[EventDate "2020.??.??"]

1. Nf3 Nf6 2. c4 c6 3. Nc3 d5 4. d4 a6 5. e3 b5 6. b3 Bg4 7. Be2 e6 8. h3 Bh5
9. g4 Bg6 10. Ne5 Bb4 11. Bd2 Bxc3 12. Bxc3 Ne4 13. Rc1 Nd7 14. Nxd7 Qxd7 15.
cxd5 cxd5 16. Bb4 f6 17. Rg1 Kf7 18. f3 Nd6 19. Kf2 Rac8 20. Qd2 h5 21. Kg2 Nb7
22. Rgd1 Rhd8 23. Qb2 hxg4 24. hxg4 Rh8 25. Be1 f5 26. gxf5 Bxf5 27. Bg3 Rxc1
28. Rxc1 Rc8 29. a4 bxa4 30. bxa4 Na5 31. Bxa6 Rxc1 32. Qxc1 Qxa4 33. Qc7+ Kg6
34. Be5 Qc2+ 35. Kg3 Qxc7 36. Bxc7 Nc6 37. Bb7 Ne7 38. e4 dxe4 39. fxe4 Kf7 40.
exf5 Nxf5+ 41. Kf4 Nxd4 42. Ke5 Nf5 43. Bc8 g6 44. Bxe6+ Kg7 45. Bd8 Kh6 46.
Bd7 Kg7 47. Bg5 Ng3 48. Bc1 Kf7 49. Bh6 Kg8 50. Be6+ Kh7 51. Bf8 g5 52. Kf6
Ne4+ 53. Kf7 Ng3 54. Bg4 Kh8 55. Bh6 Kh7 56. Bg7 Nf5 57. Bxf5# 1-0

[Event "BL 1920 Aachener SV - FC Bayern Münche"]
[Site "?"]
[Date "2020.02.09"]
[Round "6.2"]
[White "Koch, Thomas"]
[Black "Santos Ruiz, Miguel"]
[Result "0-1"]
[WhiteElo "2475"]
[BlackElo "2589"]
[PlyCount "82"]
[EventDate "2020.??.??"]

1. d4 Nf6 2. c4 e6 3. Nc3 Bb4 4. e3 O-O 5. Bd3 d5 6. Nf3 dxc4 7. Bxc4 c5 8. O-O
cxd4 9. exd4 b6 10. Bg5 Bb7 11. Rc1 Nc6 12. a3 Bxc3 13. Rxc3 h6 14. Bh4 Rc8 15.
Ba2 Ne7 16. Rxc8 Qxc8 17. Ne5 Nfd5 18. Bxe7 Nxe7 19. Qd2 Qc7 20. Rc1 Qd6 21.
Qb4 Qxb4 22. axb4 Rd8 23. Rc7 Rxd4 24. h4 Bd5 25. Rxe7 Bxa2 26. h5 Rxb4 27.
Nxf7 a5 28. Ne5 Bb1 29. Nd7 Rxb2 30. Ne5 Kh7 31. Nd7 Kg8 32. Ne5 a4 33. Re8+
Kh7 34. Nd7 e5 35. Re7 Kg8 36. Nxe5 a3 37. Ra7 a2 38. g4 Be4 39. Kh2 Bd5 40.
Ng6 Re2 41. Kg3 Re1 0-1

[Event "BL 1920 Aachener SV - FC Bayern Münche"]
[Site "?"]
[Date "2020.02.09"]
[Round "6.3"]
[White "Dragnev, Valentin"]
[Black "Vandenbussche, Thibaut"]
[Result "1/2-1/2"]
[WhiteElo "2549"]
[BlackElo "2432"]
[PlyCount "72"]
[EventDate "2020.??.??"]

1. d4 Nf6 2. Nf3 g6 3. c4 c5 4. d5 Bg7 5. Nc3 O-O 6. e4 d6 7. Be2 e6 8. Be3
exd5 9. cxd5 Bg4 10. Nd2 Bxe2 11. Qxe2 Re8 12. O-O Na6 13. Kh1 Nc7 14. a4 a6
15. a5 Nb5 16. f3 Nd4 17. Qd3 Nd7 18. f4 f5 19. Nc4 Nf6 20. e5 dxe5 21. fxe5
Ng4 22. Bxd4 cxd4 23. Qxd4 Rxe5 24. Qf4 Rc8 25. Nb6 Rxc3 26. bxc3 Re4 27. Qd2
Nxh2 28. Kxh2 Qh4+ 29. Kg1 Be5 30. Rf3 Qh2+ 31. Kf2 Bd6 32. Nd7 Qh4+ 33. Kf1
Qh1+ 34. Kf2 Qh4+ 35. Kf1 Qh1+ 36. Kf2 Qh4+ 1/2-1/2

[Event "BL 1920 Aachener SV - FC Bayern Münche"]
[Site "?"]
[Date "2020.02.09"]
[Round "6.4"]
[White "Piceu, Tom"]
[Black "Georgiadis, Nico"]
[Result "1-0"]
[WhiteElo "2347"]
[BlackElo "2546"]
[PlyCount "67"]
[EventDate "2020.??.??"]

1. d4 Nf6 2. c4 e6 3. Nf3 d5 4. Nc3 Bb4 5. Bg5 dxc4 6. Qa4+ Nc6 7. e3 Qd5 8.
Bxf6 gxf6 9. Nd2 Bxc3 10. bxc3 b5 11. Qc2 Bb7 12. e4 Qd7 13. Be2 Ne7 14. a4 a6
15. O-O O-O 16. Rfb1 c5 17. dxc5 Rfc8 18. Nf1 Ng6 19. Ng3 Nf4 20. Rd1 Qe7 21.
Qd2 Nxe2+ 22. Qxe2 Rxc5 23. axb5 Rxb5 24. Qxc4 Rc8 25. Qd4 Rbc5 26. Rd3 a5 27.
Rad1 Ba6 28. Rf3 Re5 29. h4 Kg7 30. Qe3 Rd8 31. Rd4 Bb5 32. Qf4 a4 33. Nf5+
exf5 34. Rg3+ 1-0

[Event "BL 1920 Aachener SV - FC Bayern Münche"]
[Site "?"]
[Date "2020.02.09"]
[Round "6.5"]
[White "Studer, Noel"]
[Black "Klein, Felix"]
[Result "1-0"]
[WhiteElo "2546"]
[BlackElo "2304"]
[PlyCount "79"]
[EventDate "2020.??.??"]

1. d4 d5 2. c4 e6 3. Nf3 Nf6 4. g3 c6 5. Bg2 Nbd7 6. Qd3 a5 7. cxd5 exd5 8. O-O
Be7 9. Nh4 Nb6 10. Nc3 O-O 11. Nf5 Bxf5 12. Qxf5 Re8 13. Bf4 Nc4 14. b3 Nd6 15.
Qd3 Nh5 16. Be5 g6 17. g4 Nf6 18. h3 Bf8 19. f3 Nd7 20. Bh2 Nb6 21. e4 dxe4 22.
fxe4 Re7 23. e5 Ne8 24. Ne4 a4 25. Rad1 axb3 26. Qxb3 Nd5 27. Rf2 Qa5 28. Rdf1
Bh6 29. g5 Bf8 30. e6 Ng7 31. Nf6+ Kh8 32. Bxd5 cxd5 33. Nxd5 Rxe6 34. Rxf7 Nf5
35. Nf6 Rxf6 36. gxf6 b6 37. Be5 Bh6 38. Re7 Qd2 39. f7+ Bg7 40. Re8+ 1-0

[Event "BL 1920 Aachener SV - FC Bayern Münche"]
[Site "?"]
[Date "2020.02.09"]
[Round "6.6"]
[White "Lemmers, Oscar"]
[Black "Fedorovsky, Michael"]
[Result "1/2-1/2"]
[WhiteElo "2352"]
[BlackElo "2415"]
[PlyCount "41"]
[EventDate "2020.??.??"]

1. e4 c5 2. c3 d5 3. exd5 Qxd5 4. Nf3 Nf6 5. d4 e6 6. Be2 Nc6 7. O-O cxd4 8.
cxd4 Be7 9. Nc3 Qd8 10. Be3 O-O 11. Ne5 Bd7 12. Bf3 Be8 13. Nxc6 Bxc6 14. Bxc6
bxc6 15. Rc1 Qa5 16. Qa4 Qc7 17. h3 Rab8 18. b3 Rfc8 19. Rc2 a5 20. Qc4 Rb4 21.
Qa6 1/2-1/2

[Event "BL 1920 Aachener SV - FC Bayern Münche"]
[Site "?"]
[Date "2020.02.09"]
[Round "6.7"]
[White "Lokander, Martin"]
[Black "Meessen, Rudolf"]
[Result "1-0"]
[WhiteElo "2404"]
[BlackElo "2255"]
[PlyCount "59"]
[EventDate "2020.??.??"]

1. d4 e6 2. e4 d5 3. Nc3 Nf6 4. Bg5 Be7 5. e5 Nfd7 6. Bxe7 Qxe7 7. f4 a6 8. Nf3
c5 9. dxc5 Nc6 10. Qd2 Nxc5 11. Bd3 b5 12. a3 b4 13. Ne2 a5 14. Ned4 Nxd3+ 15.
cxd3 Nxd4 16. Nxd4 Ra6 17. O-O O-O 18. Rfc1 Qa7 19. Qf2 f6 20. exf6 gxf6 21.
axb4 axb4 22. Rxa6 Qxa6 23. Qg3+ Kh8 24. Rc7 Rg8 25. Qh4 Qa1+ 26. Kf2 Qxb2+ 27.
Ke3 Bd7 28. Qxf6+ Rg7 29. Qd8+ Rg8 30. Qxd7 1-0

[Event "BL 1920 Aachener SV - FC Bayern Münche"]
[Site "?"]
[Date "2020.02.09"]
[Round "6.8"]
[White "Begnis, Nikolaos"]
[Black "Ribli, Zoltan"]
[Result "1-0"]
[WhiteElo "2271"]
[BlackElo "2530"]
[PlyCount "55"]
[EventDate "2020.??.??"]

1. e4 c5 2. Nf3 e6 3. d4 cxd4 4. Nxd4 Nc6 5. Nc3 Qc7 6. Be2 a6 7. Be3 Nf6 8.
O-O Be7 9. f4 d6 10. Kh1 O-O 11. a4 Re8 12. Bd3 Bd7 13. Qe1 Nb4 14. a5 Rac8 15.
Qg3 Nxd3 16. cxd3 Bf8 17. f5 e5 18. Nf3 Bc6 19. Bb6 Qb8 20. Rad1 d5 21. exd5
Nxd5 22. Ng5 Nxb6 23. axb6 Qd6 24. f6 g6 25. Nce4 Qd7 26. Nxh7 Bxe4 27. dxe4
Qb5 28. Qh4 1-0

[Event "BL 1920 OSG Baden-Baden - Hamburger SK"]
[Site "?"]
[Date "2020.02.09"]
[Round "6.1"]
[White "Svane, Rasmus"]
[Black "Vachier-Lagrave, Maxime"]
[Result "1/2-1/2"]
[WhiteElo "2608"]
[BlackElo "2770"]
[PlyCount "69"]
[EventDate "2020.??.??"]

1. Nf3 Nf6 2. c4 c5 3. Nc3 d5 4. cxd5 Nxd5 5. g3 Nc6 6. Bg2 Nc7 7. a3 g6 8. h4
Bg7 9. h5 Bf5 10. d3 Qd7 11. Be3 Nd4 12. Rc1 O-O 13. hxg6 hxg6 14. b4 Nxf3+ 15.
Bxf3 cxb4 16. axb4 Nb5 17. Nxb5 Qxb5 18. Qd2 Rac8 19. O-O b6 20. Qa2 a6 21.
Rxc8 Bxc8 22. Qa3 Be6 23. Rc1 Rc8 24. Rxc8+ Bxc8 25. Qc1 Be6 26. Qc7 Qxb4 27.
Bxb6 Bf6 28. Qa7 Qb5 29. d4 Bc4 30. e4 Qb1+ 31. Kh2 Qb2 32. Kg2 Qa1 33. Kh2 Qb2
34. Kg2 Qc1 35. Kh2 1/2-1/2

[Event "BL 1920 OSG Baden-Baden - Hamburger SK"]
[Site "?"]
[Date "2020.02.09"]
[Round "6.2"]
[White "Rapport, Richard"]
[Black "Kempinski, Robert"]
[Result "1-0"]
[WhiteElo "2758"]
[BlackElo "2578"]
[PlyCount "59"]
[EventDate "2020.??.??"]

1. d4 d5 2. c4 c6 3. Nc3 Nf6 4. cxd5 cxd5 5. Bf4 Nc6 6. e3 e6 7. Bd3 Bd6 8.
Bxd6 Qxd6 9. f4 b6 10. Nf3 Bb7 11. O-O O-O 12. Ne5 Rac8 13. a3 Qe7 14. Qf3 Ne8
15. Qh3 g6 16. Rf3 f5 17. g4 Nd6 18. gxf5 exf5 19. Kh1 Qe6 20. Rg1 Rc7 21. Ne2
Ne7 22. Qh6 Qf6 23. Rh3 Qg7 24. Qh4 Rfc8 25. Ng3 Rc1 26. Bf1 Ne4 27. Nh5 R8c2
28. Nxg7 Nf2+ 29. Qxf2 Rxf2 30. Bd3 1-0

[Event "BL 1920 OSG Baden-Baden - Hamburger SK"]
[Site "?"]
[Date "2020.02.09"]
[Round "6.3"]
[White "Engel, Luis"]
[Black "Vallejo Pons, Francisco"]
[Result "0-1"]
[WhiteElo "2545"]
[BlackElo "2704"]
[PlyCount "70"]
[EventDate "2020.??.??"]

1. e4 e5 2. Nf3 Nc6 3. Bb5 a6 4. Ba4 Nf6 5. d3 d6 6. c3 g6 7. O-O Bg7 8. Re1
O-O 9. Nbd2 h6 10. Nf1 Re8 11. h3 b5 12. Bc2 a5 13. a4 b4 14. Ng3 Rb8 15. d4
bxc3 16. bxc3 exd4 17. cxd4 Nb4 18. Bb3 Bb7 19. e5 dxe5 20. Nxe5 Bd5 21. Rb1 c5
22. dxc5 Bxb3 23. Rxb3 Rxe5 24. Qxd8+ Rxd8 25. Rxe5 Rd1+ 26. Nf1 Rxc1 27. g3
Bf8 28. Rf3 Kg7 29. Kg2 Nd7 30. Re8 Nxc5 31. Nd2 Nbd3 32. Nb3 Rd1 33. Nxc5 Bxc5
34. Kh2 Rd2 35. Rd8 Ne5 0-1

[Event "BL 1920 OSG Baden-Baden - Hamburger SK"]
[Site "?"]
[Date "2020.02.09"]
[Round "6.4"]
[White "Naiditsch, Arkadij"]
[Black "Ernst, Sipke"]
[Result "1-0"]
[WhiteElo "2622"]
[BlackElo "2544"]
[PlyCount "63"]
[EventDate "2020.??.??"]

1. e4 e5 2. Nf3 Nc6 3. Nc3 Nf6 4. Bb5 Bd6 5. d3 a6 6. Bxc6 dxc6 7. h3 Be6 8.
O-O Qe7 9. Ng5 Bd7 10. f4 exf4 11. d4 h6 12. Nf3 Bb4 13. e5 Nh5 14. Na4 Qe6 15.
Nh4 g6 16. Bxf4 Be7 17. Nc5 Bxc5 18. dxc5 Qe7 19. e6 Bxe6 20. Qd4 Rg8 21. Bxh6
Rd8 22. Qf2 Rd5 23. Rae1 g5 24. c4 Rxc5 25. b4 gxh4 26. Qxc5 Qxc5+ 27. bxc5 Rg6
28. Bc1 Kf8 29. Re5 Nf6 30. Rf4 Nd7 31. Re3 Nxc5 32. Ba3 1-0

[Event "BL 1920 OSG Baden-Baden - Hamburger SK"]
[Site "?"]
[Date "2020.02.09"]
[Round "6.5"]
[White "Ftacnik, Lubomir"]
[Black "Bacrot, Etienne"]
[Result "1/2-1/2"]
[WhiteElo "2516"]
[BlackElo "2679"]
[PlyCount "60"]
[EventDate "2020.??.??"]

1. Nf3 Nf6 2. c4 e6 3. Nc3 d5 4. d4 Be7 5. Bf4 O-O 6. e3 b6 7. Rc1 c5 8. cxd5
Nxd5 9. Nxd5 exd5 10. b3 Bb7 11. Be2 Nd7 12. O-O Re8 13. Ne5 Nxe5 14. Bxe5 Qd7
15. Bd3 Bf8 16. Qe2 a6 17. Rfd1 Qe6 18. Qf3 Qe7 19. Qf5 g6 20. Qf6 Qxf6 21.
Bxf6 Re6 22. Bg5 cxd4 23. exd4 Bd6 24. g3 Ree8 25. a4 Rac8 26. Rxc8 Rxc8 27.
Rc1 Rxc1+ 28. Bxc1 f6 29. Kf1 Kf7 30. Ke2 Ke6 1/2-1/2

[Event "BL 1920 OSG Baden-Baden - Hamburger SK"]
[Site "?"]
[Date "2020.02.09"]
[Round "6.7"]
[White "Rogozenco, Dorian"]
[Black "Shirov, Alexei"]
[Result "1/2-1/2"]
[WhiteElo "2475"]
[BlackElo "2672"]
[PlyCount "41"]
[EventDate "2020.??.??"]

1. d4 Nf6 2. c4 e6 3. Nf3 b6 4. g3 Ba6 5. Nbd2 Bb7 6. Bg2 c5 7. e4 cxd4 8. Nxd4
Bc5 9. N4b3 Be7 10. O-O Qc7 11. Re1 d6 12. Nd4 Nbd7 13. b3 h5 14. Bb2 h4 15.
Qe2 a6 16. Rac1 hxg3 17. hxg3 O-O-O 18. b4 Rh5 19. Nb5 Qb8 20. Bd4 Rdh8 21. Nc3
1/2-1/2

[Event "BL 1920 OSG Baden-Baden - Hamburger SK"]
[Site "?"]
[Date "2020.02.09"]
[Round "6.8"]
[White "Movsesian, Sergei"]
[Black "Sebastian, Dirk"]
[Result "1-0"]
[WhiteElo "2644"]
[BlackElo "2452"]
[PlyCount "73"]
[EventDate "2020.??.??"]

1. e4 e5 2. Nf3 Nc6 3. Bb5 a6 4. Ba4 d6 5. c3 Bd7 6. d4 Nf6 7. Nbd2 g6 8. O-O
Bg7 9. Re1 O-O 10. h3 exd4 11. cxd4 Nb4 12. Bxd7 Qxd7 13. Qb3 a5 14. a3 Nc6 15.
e5 a4 16. Qd1 Nd5 17. Ne4 h6 18. Nf6+ Nxf6 19. exf6 Bxf6 20. Bxh6 Rfe8 21.
Rxe8+ Qxe8 22. Qd3 Qe6 23. Re1 Qd5 24. Re4 Bg7 25. Bxg7 Kxg7 26. Qe3 Qb3 27.
Qd2 Qd5 28. Ng5 Ra5 29. h4 Qa2 30. Kh2 Rf5 31. g4 Rf6 32. h5 Qd5 33. h6+ Kxh6
34. Nxf7+ Kg7 35. Ng5 Rxf2+ 36. Qxf2 Qxg5 37. Re8 1-0

[Event "BL 1920 Schachfreunde Deizisau - SG Tur"]
[Site "?"]
[Date "2020.02.09"]
[Round "6.2"]
[White "Heimann, Andreas"]
[Black "Thybo, Jesper Sondergaard"]
[Result "1/2-1/2"]
[WhiteElo "2627"]
[BlackElo "2592"]
[PlyCount "96"]
[EventDate "2020.??.??"]

1. d4 Nf6 2. c4 e6 3. Nc3 Bb4 4. e3 O-O 5. Bd2 b6 6. Nf3 Bb7 7. Bd3 d5 8. cxd5
exd5 9. Rc1 a6 10. Ne5 Bd6 11. O-O c5 12. Bb1 Nbd7 13. f4 Ne4 14. Nxe4 dxe4 15.
Bc3 Nf6 16. Nc4 Be7 17. dxc5 bxc5 18. Qxd8 Raxd8 19. Ba5 Rb8 20. Bc7 Rbc8 21.
Bd6 Rfe8 22. Rfd1 Kf8 23. Bxe7+ Rxe7 24. Rd6 Re6 25. Rxe6 fxe6 26. Kf2 Ke7 27.
Ke2 Bd5 28. b3 Rb8 29. Ne5 Kd6 30. g4 h6 31. h4 a5 32. g5 hxg5 33. hxg5 Nd7 34.
Nxd7 Kxd7 35. Rxc5 a4 36. Bc2 axb3 37. axb3 Rh8 38. Kd2 Rh2+ 39. Kc1 Kd6 40. b4
Re2 41. Rc3 e5 42. fxe5+ Kxe5 43. b5 Rg2 44. b6 Rxg5 45. Bb3 Rg6 46. Bxd5 Kxd5
47. b7 Rb6 48. Rc7 g5 1/2-1/2

[Event "BL 1920 Schachfreunde Deizisau - SG Tur"]
[Site "?"]
[Date "2020.02.09"]
[Round "6.3"]
[White "Bjerre, Jonas Buhl"]
[Black "Meier, Georg"]
[Result "1/2-1/2"]
[WhiteElo "2530"]
[BlackElo "2622"]
[PlyCount "53"]
[EventDate "2020.??.??"]

1. d4 Nf6 2. c4 e6 3. Nf3 Bb4+ 4. Bd2 Bxd2+ 5. Qxd2 O-O 6. g3 d6 7. Bg2 Nc6 8.
Nc3 e5 9. O-O Bg4 10. dxe5 Nxe5 11. b3 Nxf3+ 12. exf3 Bd7 13. f4 Bc6 14. Nd5
Re8 15. Rfe1 Rxe1+ 16. Rxe1 Nxd5 17. cxd5 Bd7 18. Qb4 Rb8 19. Rc1 a6 20. Be4 h6
21. h4 Kf8 22. Bd3 c5 23. dxc6 Bxc6 24. Be4 a5 25. Qd4 Rc8 26. Rd1 Qe7 27. Bxc6
1/2-1/2

[Event "BL 1920 Schachfreunde Deizisau - SG Tur"]
[Site "?"]
[Date "2020.02.09"]
[Round "6.4"]
[White "Bluebaum, Matthias"]
[Black "Gavrilescu, David"]
[Result "1/2-1/2"]
[WhiteElo "2651"]
[BlackElo "2455"]
[PlyCount "89"]
[EventDate "2020.??.??"]

1. d4 Nf6 2. c4 e6 3. g3 d5 4. Bg2 dxc4 5. Nf3 a6 6. O-O Nc6 7. a4 Rb8 8. a5 b5
9. axb6 cxb6 10. Bf4 Bd6 11. Ne5 Ne7 12. Bc6+ Kf8 13. Bg2 b5 14. e4 Bb7 15. Re1
Bc7 16. Nc3 Ng6 17. Nxg6+ hxg6 18. Qf3 Rh5 19. Rad1 Qe7 20. g4 Rh8 21. h3 Ne8
22. Bxc7 Qxc7 23. Qe3 Rd8 24. f4 Qb6 25. Kh2 Nf6 26. Kg3 Ng8 27. Qe2 Qc7 28. h4
Ne7 29. Qf2 f6 30. g5 Kf7 31. Bh3 Bc8 32. d5 exd5 33. Bxc8 Qxc8 34. Nxd5 Rxh4
35. f5 Rh5 36. gxf6 Nxd5 37. Rxd5 Qc7+ 38. Kg4 Rxd5 39. exd5 Rxf5 40. Qe3 Qd7
41. Qe6+ Qxe6 42. dxe6+ Kxf6 43. e7 Rg5+ 44. Kf4 Rf5+ 45. Kg4 1/2-1/2

[Event "BL 1920 Schachfreunde Deizisau - SG Tur"]
[Site "?"]
[Date "2020.02.09"]
[Round "6.5"]
[White "Olsen, Filip Boe"]
[Black "Donchenko, Alexander"]
[Result "0-1"]
[WhiteElo "2338"]
[BlackElo "2650"]
[PlyCount "66"]
[EventDate "2020.??.??"]

1. d4 Nf6 2. c4 e6 3. Nc3 Bb4 4. e3 O-O 5. Bd3 d5 6. Nf3 b6 7. O-O Bb7 8. cxd5
exd5 9. a3 Bd6 10. b4 Re8 11. Qb3 c6 12. e4 dxe4 13. Ng5 Qc7 14. Ncxe4 Nxe4 15.
Nxf7 Qxf7 16. Bc4 Qxc4 17. Qxc4+ Kf8 18. a4 Nd7 19. Ra3 Nef6 20. Rg3 Re4 21.
Ba3 Rae8 22. Rf3 Ne5 23. Rxf6+ gxf6 24. Qc1 Ng6 25. b5 Bxa3 26. Qxa3+ Kg7 27.
f3 Rxd4 28. bxc6 Bxc6 29. Qc3 Rd6 30. a5 Re2 31. Re1 Nf4 32. Qb4 Rxg2+ 33. Kf1
Rf2+ 0-1

[Event "BL 1920 Schachfreunde Deizisau - SG Tur"]
[Site "?"]
[Date "2020.02.09"]
[Round "6.7"]
[White "Parvanyan, Ashot"]
[Black "Kollars, Dmitrij"]
[Result "0-1"]
[WhiteElo "2451"]
[BlackElo "2593"]
[PlyCount "102"]
[EventDate "2020.??.??"]

1. e4 e5 2. Nf3 Nc6 3. d4 exd4 4. Nxd4 Nf6 5. Nxc6 bxc6 6. e5 Qe7 7. Qe2 Nd5 8.
h4 Qe6 9. Nd2 a5 10. g3 Ba6 11. c4 Nb4 12. Nf3 Qg6 13. Kd1 c5 14. h5 Qb6 15.
Bg2 h6 16. Ke1 Be7 17. Kf1 O-O 18. Nh4 Rae8 19. b3 d5 20. Bf4 dxc4 21. bxc4 Bf6
22. Kg1 Nc6 23. Nf3 Nd4 24. Nxd4 cxd4 25. Kh2 d3 26. Qxd3 Bxe5 27. Be3 Qe6 28.
Bd5 Qf6 29. Rac1 c6 30. Bg2 Re6 31. Bh3 Rd8 32. Qf5 Qxf5 33. Bxf5 Rf6 34. Be4
Re8 35. Bg2 Bc8 36. Rhe1 Bb2 37. Bb6 Rxe1 38. Rxe1 Be6 39. Bxc6 Bf5 40. Re8+
Kh7 41. Bd5 Rxb6 42. c5 Rb5 43. Bxf7 g5 44. c6 Kg7 45. Bb3 Rc5 46. Re7+ Kf6 47.
Rf7+ Ke5 48. c7 g4 49. Ba4 Bc8 50. Bd7 Bxd7 51. Rxd7 Bc1 0-1